| 000 | 00695nam a2200145 a 4500 | ||
|---|---|---|---|
| 008 | 120416s1983 ||||||||||||||||| || u | ||
| 050 | _aT 58.6 Bar | ||
| 100 | _aBartenstein, Edwin | ||
| 245 | 1 | 0 | _aSelected readings for a course in computer based management information systems |
| 260 |
_aNorthridge, [Cal.] _bCalifornia State University _c1983 |
||
| 300 | _avii, 322p. : ill. | ||
| 350 | _a0.00 | ||
| 995 |
_aBINDERY (DAMAGED) _D0.00 _e707313 _FCBU-MAIN LIBRARY (Kitwe) _H2 _I0.00 _jT 58.6 Bar _M2 _UDAMAGED _y707313 _ZMain Library Open Access Collection |
||
| 995 |
_aBINDERY (DAMAGED) _D0.00 _e707312 _FCBU-MAIN LIBRARY (Kitwe) _H1 _I0.00 _jT 58.6 Bar _M1 _UDAMAGED _y707312 _ZMain Library Open Access Collection |
||
| 999 |
_c80392 _d80392 |
||